La cotitularidad por cuotas empresa y las sociedades civiles y mercantiles

Detalles Bibliográficos
Autor principal: Paniagua Zurera, Manuel
Formato: eBook
Lenguaje:español
Publicado: Madrid: Marcial Pons, 2018
Materias:
Acceso en línea:Acceso restringido

MARC

LEADER 00000nam a22000007a 4500
005 20211102213456.0
007 cr|||| ||||
008 211102s2018 es |||||s|||| 00||0 spa d
020 |a 978-84-1381-204-5 
035 |a 33627 
040 |a vLex 
090 |c 12626  |d 12626 
100 1 |a Paniagua Zurera, Manuel 
245 1 2 |a La cotitularidad por cuotas empresa y las sociedades civiles y mercantiles  |h [Recurso electrn̤ico] /  |c Manuel Paniagua Zurera 
256 |a Servicio en ln̕ea 
260 |a Madrid:  |b Marcial Pons,  |c 2018 
300 |a 1 recurso electrn̤ico 
500 |a Resulta necesaria y oportuna (vǎse el Anteproyecto de ley de Cd̤igo Mercantil, 2014) una nueva reflexin̤ sobre la insercin̤ de la cotitularidad por cuotas empresa en nuestro Derecho privado patrimonial, y sus relaciones de vecindad con los tipos sociales civiles y mercantiles. Sin olvido de que la construccin̤ del sistema de definiciones y relaciones entre las distintas agrupaciones negociales de personas para fines comunes, personificadas o no, no es labor doctrinal, sino tarea legislativa que incluye al mismo Poder constituyente (arts. 10, 22, 33, 34, 38 y 129.2 de la Constitucin̤). La comunidad de bienes empresa ha sido ms̀ denostada que estudiada (ad. ex., existe un acusado vaco̕ sobre su funcionalidad, las reglas dispositivas y de ius cogens o el sistema de responsabilidad de los comuneros). Ello por un simple arrastre histr̤ico (communio est mater discordiarum) y un exceso de conceptualismo y de importacin̤ de materiales legislativos y doctrina forǹea. Al margen de la experiencia jurd̕ica se afirma que la agrupacin̤ personal y negocial para el ejercicio colectivo de una actividad econm̤ica empresarial es, por definicin̤, una sociedad. Pero la tutela de los derechos fundamentales a la libertad individual, la propiedad privada y la libertad de empresa, la prc̀tica jurd̕ica o el Derecho vivo y la doctrina jurisprudencial reaccionan a la imposicin̤ de un tipo social no querido. No validan la heteroconversin̤ de la C.B. empresa, como aboga la aęja doctrina de las comunidades societarias, en una rudimentaria o claudicante sociedad interna, civil irregular o mercantil devenida irregular. Por el contrario, estiman que el bien jurd̕ico tutelado debe ser la correcta interpretacin̤ de la voluntad negocial a la bs︢queda de su sentido inequv̕oco y exteriorizado. 
506 1 |a Disponible solo en los productos indicados  |d vLex Global  |d vLex Global (Academic Edition, excluding Law Schools)  |d vLex Global (U.S. Academic Edition, Law Schools)  |d vLex Global (U.S. Academic Edition, excluding Law Schools)  |d vLex Global (Academic Edition, Law Schools) 
650 0 4 |a Derecho Mercantil y de la Empresa  |z Espaą 
650 0 4 |a Sociedades  |z Espaą 
740 0 |a vLex Libros (Servicio en ln̕ea) 
856 4 0 |u https://app.vlex.com/#/sources/33627  |z Acceso restringido 
942 |c BOOK 
999 0 |a Commercial and Company Law 
999 0 |a Companies